Стелажи специального назначения (Запись № 13613231)

Подробности
000 -МАРКЕР
контрольное поле 01076nam2a2200277 4500
001 - ИДЕНТИФИКАТОР ЗАПИСИ
контрольное поле rc\2989729
005 - ИДЕНТИФИКАТОР ВЕРСИИ
контрольное поле 20110915092515.3
035 ## - ДРУГИЕ СИСТЕМНЫЕ НОМЕРА
Идентификатор записи (NLR Aleph) 007133895
100 ## - ДАННЫЕ ОБЩЕЙ ОБРАБОТКИ
Данные общей обработки 20110915d1940 |||y0rusy50 ca
101 0# - ЯЗЫК РЕСУРСА
Язык текста, звукозаписи и т.д. русский
102 ## - СТРАНА ПУБЛИКАЦИИ ИЛИ ПРОИЗВОДСТВА
Страна публикации Российская Федерация
105 ## - ПОЛЕ КОДИРОВАННЫХ ДАННЫХ: ТЕКСТОВЫЕ МАТЕРИАЛЫ, МОНОГРАФИЧЕСКИЕ
Кодированные данные о монографическом текстовом документе a z |||||
200 1# - ЗАГЛАВИЕ И СВЕДЕНИЯ ОБ ОТВЕТСТВЕННОСТИ
Основное заглавие Стелажи специального назначения
Обозначение и номер части Вып. 1
Наименование части Стелажи для инструмента
Первые сведения об ответственности [Сост. И.В. Кузин, Г.К. Май, А.А. Мазуркевич и А.М. Савкин]
210 ## - ПУБЛИКАЦИЯ, РАСПРОСТРАНЕНИЕ И ДР.
Дата издания, распространения и т.д. 1940
215 ## - ФИЗИЧЕСКАЯ ХАРАКТЕРИСТИКА
Специфическое обозначение материала и объем 150 с.
Другие сведения о физической характеристике черт.
461 #0 - УРОВЕНЬ НАБОРА
Встроенное поле 001rc\2989728
-- 2001#$aАльбом стелажей$fПод ред. А.М. Савкина$gЦНИИТМаш. Оргоборонпром$vРаздел 2
702 #1 - ИМЯ ЛИЦА - ВТОРИЧНАЯ ОТВЕТСТВЕННОСТЬ
Начальный элемент ввода Кузин
Часть имени, кроме начального элемента ввода И. В.
Код отношения Составитель
702 #1 - ИМЯ ЛИЦА - ВТОРИЧНАЯ ОТВЕТСТВЕННОСТЬ
Начальный элемент ввода Май
Часть имени, кроме начального элемента ввода Г. К.
Код отношения Составитель
702 #1 - ИМЯ ЛИЦА - ВТОРИЧНАЯ ОТВЕТСТВЕННОСТЬ
Начальный элемент ввода Мазуркевич
Часть имени, кроме начального элемента ввода А. А.
Код отношения Составитель
702 #1 - ИМЯ ЛИЦА - ВТОРИЧНАЯ ОТВЕТСТВЕННОСТЬ
Начальный элемент ввода Савкин
Часть имени, кроме начального элемента ввода А. М.
Расширение инициалов личного имени Алексей Матвеевич
Код отношения Составитель
801 #0 - ИСТОЧНИК ЗАПИСИ
Страна Российская Федерация
Организация NLR
Правила каталогизации psbo
801 #1 - ИСТОЧНИК ЗАПИСИ
Страна Российская Федерация
Организация ELAR
Источник данных rusmarc
852 ## - МЕСТОНАХОЖДЕНИЕ И ШИФР ХРАНЕНИЯ
Идентификатор организации NLR
Шифр хранения (Call Number) 40-21/11(1)
942 ## - ДОПОЛНИТЕЛЬНЫЕ ЭЛЕМЕНТЫ ЗАПИСИ (АБИС)
Тип экземпляра АБИС Книга
980 ## - КОЛЛЕКЦИЯ
Название коллекции Национальная библиография

Нет доступных экземпляров.